| 000 | 01147cad a22001935a 4500 | ||
|---|---|---|---|
| 001 | L157038 | ||
| 008 | 120817s2012 xxk 000 0 eng d | ||
| 035 | _a(Sirsi) u157038 | ||
| 041 | 0 | _aeng | |
| 110 | 2 |
_aSavills _92020 |
|
| 245 | 0 | 4 |
_aThe challenges to London's attractiveness to international investors _bSummer 2012 _h[electronic resource] |
| 260 |
_aSavills _bLondon _c2012 |
||
| 520 | _aIn 2011 60% of central London commercial property investment was by non-domestic investors. Amidst mounting turbulence in the Eurozone and beyond, London continues to stand for security and quality of income. London's business hub is being challenged by a tide of regulations, creaking transport infrastructure, and high housing costs. London must go on attracting major occupiers who are the backbone of the office market. London will however remain internationally competitive and a reliable investment location. | ||
| 590 | _aKA NTK | ||
| 651 | 4 | _aLondon | |
| 690 |
_aCommercial property _96227 |
||
| 856 | 4 | 0 |
_uhttps://www.savills.co.uk/research/uk/commercial-research.aspx _zView the report after free registration at www.savills.co.uk |
| 942 | _n0 | ||
| 999 |
_c84242 _d84242 |
||